000
00282nam a2200121Ia 4500
008
241002s9999 xx 000 0 und d
082
_a
297.1977 KAZ
100
_a
Kazakevich, Emmanuil
245
4
_a
The blue notebook
260
_a
Moscow:
_c
1969
600
_a
Religion
942
_c
UC
999
_c
18909
_d
18909